Statistiken für Top 15 der betroffenen Covid-19-Länder - 16. Februar 2022

Klicken Sie hier um das Quiz zu spielen!

Allgemein

  • Dieses Quiz wurde 22 mal gespielt
  • Das Durchschnittsergebnis liegt bei 14 aus 28

Antwortstatistiken

Land% Korrekt
Deutschland
90%
Vereinigte Staaten
85%
Russland
80%
Italien
75%
Polen
75%
Vereinigtes Königreich
75%
Brasilien
70%
Frankreich
70%
Spanien
70%
Türkei
65%
Indien
60%
Portugal
60%
Niederlande
55%
Niederlande
55%
Argentinien
45%
Schweiz
45%
Belgien
40%
Dänemark
40%
Iran
40%
Kolumbien
35%
Estland
30%
Tschechien
30%
Slowenien
25%
Bahrain
15%
Georgien
15%
Lettland
15%
Litauen
15%
Israel
10%

Verteilung der Resultate

Perzentil nach korrekt beantworteten Fragen

Anzahl Personen mit jedem Resultat

Ihre Resultats-Entwicklung

Sie haben dieses Quiz noch nicht gespielt